00414nam a22001577a 4500020001800000082001900018245004800037250001200085260003600097300001000133650002600143650001900169650002800188650002100216650001900237 a9789390790975 aM 305.3bRAJ/L aLingapadavi padanangal/cby Rajesh M R(ed.) a4th ed. aKozhikkode:bAtma books,c2023. a176p. aMen and masculinities aGender studies aPeople by gender or sex aGroups of people aSocial science